000 02211nam0a2200349 4500
001 RU\NLR\bibl\1242124
005 20260407184319.0
010 _a5-7716-0055-8
_9200
021 _aRU
_b2008-56902
_93168
035 _a(NLR Aleph) 001228304
090 _a182209
_c182209
100 _a20080618d2007 |||y0rusy50 ca
101 0 _arus
102 _aRU
105 _aa |||||||||
200 1 _aКонстантин Петрович Победоносцев: мыслитель, ученый, человек
_eматериалы Международной юбилейной научной конференции, посвященной 180-летию со дня рождения и 100-летию со дня кончины К.П. Победоносцева, Санкт-Петербург, 1-3 июня 2007 года
_f[редкол.: В.В. Ведерников (отв. ред.), к.ист.н. и др.]
210 _aСанкт-Петербург
_cСанкт-Петербургская митрополия
_d2007
215 _a239, [4] с., [16] л. ил., портр., факс.
_d22
300 _aВ надзаг.: С.-Петерб. митрополия, Воскресен. Новодевичий монастырь, Воскресная шк.
320 _aБиблиогр. в подстроч. примеч.
600 1 _aПобедоносцев
_bК.П.
_f1827 - 1907
_gКонстантин Петрович
_jСъезды, совещания и т.п.
_9889420
_3RU\NLR\auth\66321471
686 _aТ3(2)5-8я431
702 1 _aВедерников
_bВ. В.
_gВиталий Валерьевич
_4340
702 1 _4570
_8rus
_7ca
_aПобедоносцев
_bК. П.
_cгос. деятель
_f1827-1907
_gКонстантин Петрович
_3RU\NLR\auth\7756326
_939258
711 1 2 _a"К. П. Победоносцев и его роль в истории России", международная юбилейная научная конференция
_f2007
_eСанкт-Петербург
_3RU\NLR\AUTH\8810120244
_9738939
801 0 _aRU
_bNLR
_c20080618
_gRCR
801 1 _aRU
_bNLR
_c20080618
830 _aред. по ЭК
942 _cBOOK
980 _aNB